Proposals for amending part B (fire safety) of the Building Regulations (Record no. 104465)

MARC details
000 -LEADER
fixed length control field 00826cab a2200193 4500
001 - CONTROL NUMBER
control field L130468
008 - FIXED-LENGTH DATA ELEMENTS--GENERAL INFORMATION
fixed length control field 050802n2005 000 0 eng u
035 ## - SYSTEM CONTROL NUMBER
System control number (Sirsi) u130468
041 ## - LANGUAGE CODE
Language code of text/sound track or separate title eng
050 ## - LIBRARY OF CONGRESS CALL NUMBER
Classification number 692.2
-- 18
110 ## - MAIN ENTRY--CORPORATE NAME
Corporate name or jurisdiction name as entry element Office of the Deputy Prime Minister
9 (RLIN) 4685
245 ## - TITLE STATEMENT
Title Proposals for amending part B (fire safety) of the Building Regulations
260 ## - PUBLICATION, DISTRIBUTION, ETC.
Place of publication, distribution, etc. London
Name of publisher, distributor, etc. ODPM
Date of publication, distribution, etc. 2005
520 ## - SUMMARY, ETC.
Summary, etc. The ODPM have published a consultation on proposal for amending part B (fire safety) of the Building Regulations. The consultation closes on 18 November 2005.
590 ## - LOCAL NOTE (RLIN)
Local note IKA020805
690 ## - LOCAL SUBJECT ADDED ENTRY--TOPICAL TERM (OCLC, RLIN)
Topical term or geographic name as entry element BUILT ENVIRONMENT-BUILDING STANDARDS-FIRE REGULATIONS
856 ## - ELECTRONIC LOCATION AND ACCESS
Uniform Resource Identifier <a href="https://www.communities.gov.uk/publications/planningandbuilding/partbfiresafety">https://www.communities.gov.uk/publications/planningandbuilding/partbfiresafety</a>
Public note View the item free of charge at www.dclg.gov.uk...
942 ## - ADDED ENTRY ELEMENTS (KOHA)
Suppress in OPAC 0
Holdings
Withdrawn status Lost status Source of classification or shelving scheme Damaged status Not for loan Home library Current library Shelving location Date acquired Total Checkouts Full call number Barcode Date last seen Copy number Price effective from Koha item type
    Dewey Decimal Classification     Virtual Virtual Online 02/08/2005   L130468 130468-2001 06/08/2019 1 06/08/2019 Book